Negligencias en cirugia y anestesia estťicas

Detalles Bibliográficos
Autor principal: Lp̤ez Muǫz y Larraz, Gustavo
Formato: Desconocido
Lenguaje:español
Publicado: Madrid : Dykinson, 2008
Materias:
Acceso en línea:Acceso restringido

MARC

LEADER 00000ny a22000003n 4500
005 20110615125159.0
008 081014s2008 sp 000 0 spa d
020 |a 9788498492996 
035 |a 2752 
040 |a BUS   |d vLex 
080 |a 343.222:614.25 
080 |a 347.56:614.25 
090 |c 706  |d 706 
100 1 |a Lp̤ez Muǫz y Larraz, Gustavo 
245 3 0 |a Negligencias en cirugia y anestesia estťicas  |h [Recurso electrn̤ico]  |c Gustavo Lp̤ez-Muǫz y Larraz 
256 |a Servicio en ln̕ea 
260 |a Madrid :  |b Dykinson,  |c 2008 
300 |a 208 p. ;  |c 21 cm 
506 1 |a Contenido solo disponible en los productos indicados  |d vLex Global  |d vLex Global (Academic Edition, excluding Law Schools)  |d vLex Global (U.S. Academic Edition, Law Schools)  |d vLex Global (U.S. Academic Edition, excluding Law Schools)  |d vLex Global (Academic Edition, Law Schools) 
650 0 7 |a Mďica o sanitaria  |2 Tesauro vLex 
650 0 7 |a Negligencia  |2 Tesauro vLex 
740 0 |a vLex Libros (Servicios en ln̕ea) 
856 4 0 |u http://vlex.com/source/2752  |z Acceso restringido 
942 |c BOOK 
999 0 |a Physicians--Malpractice  |b Madrid